Literature - European Literature | 0 | 6 | 0 | 0 | 60 | 85 | 111.00 | 0 | 3 |
Other | 0 | 5 | 0 | 0 | 50 | 5 | 68.00 | 1 | 4 |
Fine Arts - Painting & Sculpture | 0 | 5 | 0 | 0 | 50 | 86 | 105.40 | 0 | 2 |
Science - Other Science | 0 | 4 | 0 | 0 | 40 | 63 | 84.00 | 1 | 2 |
Literature - British Literature | 0 | 4 | 0 | 0 | 40 | 62 | 92.00 | 1 | 4 |
Literature - World Literature | 0 | 4 | 0 | 0 | 40 | 70 | 91.50 | 0 | 3 |
Literature - American Literature | 0 | 5 | 3 | 0 | 35 | 19 | 75.40 | 3 | 4 |
Social Science | 0 | 3 | 0 | 0 | 30 | 92 | 98.67 | 1 | 3 |
History - American History | 0 | 3 | 0 | 0 | 30 | 109 | 117.67 | 0 | 1 |
Philosophy | 0 | 3 | 0 | 0 | 30 | 65 | 104.33 | 0 | 1 |
Fine Arts - Other Fine Arts | 0 | 3 | 1 | 0 | 25 | 23 | 77.33 | 1 | 2 |
History - European History | 0 | 2 | 0 | 2 | 20 | 143 | 144.00 | 0 | 0 |
History - World History | 0 | 2 | 0 | 1 | 20 | 48 | 88.00 | 1 | 1 |
Religion | 0 | 2 | 0 | 1 | 20 | 105 | 124.50 | 0 | 0 |
History - Other History | 0 | 2 | 0 | 0 | 20 | 61 | 73.00 | 0 | 0 |
Science - Biology | 0 | 1 | 0 | 0 | 10 | 106 | 106.00 | 0 | 0 |
Fine Arts - Classical Music | 0 | 1 | 0 | 0 | 10 | 107 | 107.00 | 0 | 1 |
Mythology | 0 | 1 | 0 | 0 | 10 | 98 | 98.00 | 0 | 0 |